Black Athena (Record no. 88952)
[ view plain ]
| 000 -LEADER | |
|---|---|
| campo de control de longitud fija | 00818nam a2200229 i 4500 |
| 001 - NÚMERO DE CONTROL | |
| campo de control | 88952 |
| 003 - IDENTIFICADOR DE NÚMERO DE CONTROL | |
| campo de control | ES-MaACL |
| 005 - FECHA Y HORA DE LA ÚLTIMA TRANSACCIÓN | |
| campo de control | 20230906175959.0 |
| 007 - CAMPO FIJO DE DESCRIPCIÓN FÍSICA--INFORMACIÓN GENERAL | |
| campo de control de longitud fija | t| |
| 008 - DATOS DE LONGITUD FIJA--INFORMACIÓN GENERAL | |
| campo de control de longitud fija | 050113s1991 xxu ||||1| eng d |
| 020 ## - NÚMERO INTERNACIONAL ESTÁNDAR DEL LIBRO | |
| Número Internacional Estándar del Libro | 0-8135-1277-8 |
| 080 ## - NÚMERO DE LA CLASIFICACIÓN DECIMAL UNIVERSAL | |
| Número de la Clasificación Decimal Universal | 930.85(38:32) |
| 080 ## - NÚMERO DE LA CLASIFICACIÓN DECIMAL UNIVERSAL | |
| Número de la Clasificación Decimal Universal | 930.85(38:394) |
| 100 0# - ENTRADA PRINCIPAL--NOMBRE DE PERSONA | |
| Nombre de persona | Bernal, Martín. |
| 9 (RLIN) | 28183 |
| 245 10 - MENCIÓN DEL TÍTULO | |
| Título | Black Athena |
| Resto del título | : the afroasiatic roots of classical civilization / |
| Mención de responsabilidad, etc. | Martin Bernal. |
| 260 ## - PUBLICACIÓN, DISTRIBUCIÓN, ETC. | |
| Lugar de publicación, distribución, etc. | New Brunswick : |
| Nombre del editor, distribuidor, etc. | Rutgres University, |
| Fecha de publicación, distribución, etc. | [1991] |
| 300 ## - DESCRIPCIÓN FÍSICA | |
| Extensión | 2 v. ; |
| Dimensiones | 23 cm. |
| 505 8# - NOTA DE CONTENIDO CON FORMATO | |
| Nota de contenido con formato | Contiene: 1. The fabrication of ancien greece 1785-1985 -- 2. The archaeological and documentary evidence |
| 650 #4 - PUNTO DE ACCESO ADICIONAL DE MATERIA--TÉRMINO DE MATERIA | |
| Término de materia o nombre geográfico como elemento de entrada | Civilización griega- |
| Subdivisión general | Influencia egipcia. |
| 9 (RLIN) | 11095 |
| 650 #4 - PUNTO DE ACCESO ADICIONAL DE MATERIA--TÉRMINO DE MATERIA | |
| Término de materia o nombre geográfico como elemento de entrada | Civilización griega- |
| Subdivisión general | Influencia fenicia. |
| 9 (RLIN) | 11096 |
| 852 ## - LOCALIZACIÓN | |
| Ubicación | ES-MaACL |
| Número de control de estantería | E-10795-96 |
| Sublocalización o colección | R.135157 |
| Estatus retirado | Estado de pérdida | Estado de daño | No para préstamo | Biblioteca de origen | Biblioteca actual | Ubicación en estantería | Fecha de adquisición | Fuente de adquisición | Total de préstamos | Signatura topográfica completa | Código de barras | Visto por última vez | Precio de reemplazo | Tipo de ítem Koha |
|---|---|---|---|---|---|---|---|---|---|---|---|---|---|---|
| Biblioteca del Ateneo de Madrid | Biblioteca del Ateneo de Madrid | Depósito 2 | 17/01/2008 | E-10795-96 | 1092905 | 23/02/2023 | 23/02/2023 | Libro impreso |
